000 02071nam a22003017a 4500
005 20161014134420.0
008 130419n||||||||fr ||||fr|||||001|jdfre|d
040 _aCo-BoUCM
_bspa
_cSandra Yazo (modificó)
_dSandra Yazo (modificó)
041 0 _afre
082 0 4 _a843.91
_220
092 _aE05N010
100 1 _aPerrault, Charles
_d1628-1703
_937729
242 0 0 _aCuentos de Charles Perrault
_bCuentos en verso. Historias y cuentos del pasado (Cuentos de mi madre Loye). Con dos ensayos sobre la vida y las obras de Perrault y sobre la mitología utilizada en sus cuentos
_cNotas, variantes e información bibliográfica por Andrés Lefèvre
_yspa
245 1 4 _aLes contes de Charles Perrault
_bContes en vers. Histoires et contes du temps passé (Contes de ma mère Loye). Avec deux essais sur la vie et les oeuvres de Perrault et sur la mythologie dans ses contes
_cDes notes et variantes et une notice bibliographique par André Lefèvre.
260 _aParís (Francia)
_bC. Marpon & E. Flammarion
_c[fecha desconocida]
300 _alxxx, 182 páginas
_c16 x 10 cm.
500 _aDetalles físicos: Encuadernación rígida en cartón forrado en tela encolada. Lomo con tejuelo en cuero y adornos en dorado. Guardas. Anteportada. Portada impresa en una sola tinta con la marca tipográfica del editor. Texto impreso en una sola columna con diferentes tipos y tamaños de letra. Márgenes amplios. Índices. Notas al final de la obra. Cortes pintados en azul. Papel muy manchado
504 _aIncluye referencias bibliográficas e índices
505 0 _aEnsayo sobre la vida y la obra de Charles Perrault ; Ensayo sobre la mitología en los cuentos de Perrault ; Cuentos en verso ; Cuentos en prosa ; Notas y variantes
506 _aConsulta en sala
546 _aTexto en francés
650 7 _aCuentos populares franceses
_912302
650 7 _aLiteratura francesa
_97794
650 7 _aCuentos infantiles
_zFrancia
_981139
690 _aLiteratura
_918599
700 1 _aLefévre, André
_d1834-1904
_981140
942 _cLIBRO
_e1
_a18
_2LOCAL
_hE05N010
999 _c69558
_d69558